• 首页
  • 本馆介绍
  • 公告通知
  • 最新文献
  • 馆藏检索
  • 电子资源
  • 读者导购
  • 参考咨询
  • 我的图书馆
  • 登录
  • 详细信息显示
  • 放入我的书架
  • 预约/预借图书
  • 作者相关作品
  • 分类相关作品
  • 丛书相关作品
  • 出版社相关作品

书目信息

  • 表格格式
  • 工作单格式
  • 卡片格式
题名:
鸟哥的LINUX私房菜
    
 
作者: 鸟哥 编著
分册:   服务器架设篇
出版信息: 北京   科学出版社  2005
页数: 10,667页
开本: 26cm
丛书名:
单 册:
中图分类: TP316.81 , TP368.5
科图分类:
主题词: UNIX操作系统--基本知识 , 网络服务器--基本知识 , UNIX操作系统 , 网络服务器
电子资源:
ISBN: 978-7-03-015588-
000 01005nam0 2200313 450
001 002969252
005 20070807163435.85
010    @a978-7-03-015588-@dCNY73.00
035    @a002969252
100    @a20050119e20072005em y0chiy0110 ea
101 0  @achi
102    @aCN@b110000
105    @ay z 000yy
106    @ar
200 1  @a鸟哥的LINUX私房菜@Aniao ge de LINUX si fang cai@i服务器架设篇@Ifu wu qi jia she pian@f鸟哥编著@Fniao ge bian zhu
210    @a北京@c科学出版社@d2005@h2007重印
215    @a10,667页@d26cm@e1光盘
307    @a附光盘:ISBN 7-900420-10-X
330    @a本书基于LINUX的网络功能,分别阐述了网络的基础知识、基本的防护措施,尤其是如何架设安全的服务器等重要议题。全书功3篇28章。
606 0  @aUNIX操作系统@x基本知识
606 0  @a网络服务器@x基本知识
606 0  @aUNIX操作系统
606 0  @a网络服务器
610 0  @aLinux
690    @aTP316.81@v4
690    @aTP368.5@v4
701  0 @a鸟哥@Aniao ge@4编著
801  0 @aCN@bNLC@c20070807
905    @dTP316.81@e135:2@f2
    
    鸟哥的LINUX私房菜.服务器架设篇/鸟哥编著.-北京:科学出版社,2005(2007重印)
    10,667页;26cm+1光盘
    
    
    ISBN 978-7-03-015588-:CNY73.00
    本书基于LINUX的网络功能,分别阐述了网络的基础知识、基本的防护措施,尤其是如何架设安全的服务器等重要议题。全书功3篇28章。
●
相关链接 在E读中查询图书 在五车中查询图书 在当当中查询图书 在豆瓣中查询图书


正题名:鸟哥的LINUX私房菜     索取号:TP316.81/135:2         预约/预借

序号 登录号 条形码 馆藏地/架位号 状态 备注
1 0853815   208538153   第二样本阅览室/ [索取号:TP316.81/135:2] 在馆    
2 0853816   208538162   第三借阅区/ [索取号:TP316.81/135:2] 在馆    
唐山师范学院图书馆 欢迎您!
大连网信软件有限公司© 版权所有